Interná komunikácia vo firme
Využívanie výpočtovej techniky pri komunikácii. Interná firemná komunikácia s využitím systému MS Lync 2010. Výhody vyplývajúce z komplexného komunikačného systému.
Saved in:
| Main Author: | |
|---|---|
| Other Authors: | |
| Format: | Book Chapter |
| Language: | Slovak |
| Subjects: | |
| Tags: |
No Tags, Be the first to tag this record!
|
MARC
| LEADER | 00000nla$a2200000$$$4500 | ||
|---|---|---|---|
| 001 | 0141689 | ||
| 005 | 20240502072535.9 | ||
| 041 | 0 | |a slo | |
| 044 | |a SK | ||
| 245 | 1 | 0 | |a Interná komunikácia vo firme |c Júlia Lipianska, Peter Červenka |
| 520 | |a Využívanie výpočtovej techniky pri komunikácii. Interná firemná komunikácia s využitím systému MS Lync 2010. Výhody vyplývajúce z komplexného komunikačného systému. | ||
| 610 | 2 | 0 | |a komunikácia interná |
| 610 | 2 | 0 | |a komunikácia firemná |
| 610 | 2 | 0 | |a komunikácia elektronická |
| 610 | 2 | 0 | |a počítače |
| 610 | 2 | 0 | |a technológie informačné |
| 610 | 2 | 0 | |a technológie komunikačné |
| 100 | 1 | |a Lipianska, Júlia | |
| 700 | 1 | |a Červenka, Peter, 1976- | |